Histoire de Gil Blas de Santillana / (Record no. 157584)
[ view plain ]
| 000 -LEADER | |
|---|---|
| campo de control de longitud fija | 00825nam a2200217 i 4500 |
| 001 - NÚMERO DE CONTROL | |
| campo de control | 157584 |
| 003 - IDENTIFICADOR DE NÚMERO DE CONTROL | |
| campo de control | ES-MaACL |
| 005 - FECHA Y HORA DE LA ÚLTIMA TRANSACCIÓN | |
| campo de control | 20240526062941.0 |
| 008 - DATOS DE LONGITUD FIJA--INFORMACIÓN GENERAL | |
| campo de control de longitud fija | 960320s1836 fr a |||| | fre d |
| 080 ## - NÚMERO DE LA CLASIFICACIÓN DECIMAL UNIVERSAL | |
| Número de la Clasificación Decimal Universal | 821.133.1-31"17" |
| 100 1# - ENTRADA PRINCIPAL--NOMBRE DE PERSONA | |
| Nombre de persona | Lesage, Alain-René, |
| Fechas asociadas al nombre | 1668-1747 |
| 9 (RLIN) | 71822 |
| 245 10 - MENCIÓN DEL TÍTULO | |
| Título | Histoire de Gil Blas de Santillana / |
| Mención de responsabilidad, etc. | par Le Sage ; vignettes par Jean Gigoux. |
| 260 ## - PUBLICACIÓN, DISTRIBUCIÓN, ETC. | |
| Lugar de publicación, distribución, etc. | Paris : |
| Nombre del editor, distribuidor, etc. | Chez Paulin, libraire-éditeur, |
| Fecha de publicación, distribución, etc. | 1836 ( |
| Fabricante | A. Everat, imprimeur et fondeur) |
| 300 ## - DESCRIPCIÓN FÍSICA | |
| Extensión | 972 p. : |
| Otras características físicas | il. ; |
| Dimensiones | 27 cm. |
| 530 ## - NOTA DISPONIBLE DE FORMULARIO FÍSICO ADICIONAL | |
| Nota de formato físico adicional disponible | Disponible en formato digital. |
| 597 ## - NOTA DE DESCRIPCIÓN FÍSICA | |
| NOTA DE DESCRIPCIÓN FÍSICA | Grab. calc. intercalados en el texto. |
| 700 1# - ENTRADA AGREGADA--NOMBRE PERSONAL | |
| Nombre de persona | Gigoux, Jean. |
| 9 (RLIN) | 127302 |
| 852 ## - LOCALIZACIÓN | |
| Ubicación | ES-MaACL |
| Número de control de estantería | G-6983 |
| Nota libre | - Enc. hol. |
| 856 ## - LOCALIZACIÓN Y ACCESO ELECTRÓNICOS | |
| Identificador Uniforme de Recursos | <a href="https://archive.org/details/bub_gb_rzKKp4nxNR4C/page/n13 ">https://archive.org/details/bub_gb_rzKKp4nxNR4C/page/n13 </a> |
| Nota pública | Internet Archive |
| Estatus retirado | Estado de pérdida | Estado de daño | No para préstamo | Colección | Biblioteca de origen | Biblioteca actual | Ubicación en estantería | Fecha de adquisición | Fuente de adquisición | Total de préstamos | Signatura topográfica completa | Código de barras | Visto por última vez | Precio de reemplazo | Tipo de ítem Koha |
|---|---|---|---|---|---|---|---|---|---|---|---|---|---|---|---|
| Colección digital | Biblioteca del Ateneo de Madrid | Biblioteca del Ateneo de Madrid | Depósito 2 | 17/01/2008 | G-6983 | 1164907 | 23/02/2023 | 23/02/2023 | Libro impreso antiguo |
